आज और अभी / (Record no. 112077)

MARC details
000 -LEADER
fixed length control field 00977nam a22002537a 4500
005 - DATE AND TIME OF LATEST TRANSACTION
control field 20170124102933.0
010 ## - LIBRARY OF CONGRESS CONTROL NUMBER
LC control number A-994876
020 ## - INTERNATIONAL STANDARD BOOK NUMBER
Terms of availability 200.00
035 ## - SYSTEM CONTROL NUMBER
System control number A-994876
037 ## - SOURCE OF ACQUISITION
Source of stock number/acquisition Cen Lib/Ret
040 ## - CATALOGING SOURCE
Original cataloging agency DPL
Language of cataloging HN
082 ## - DEWEY DECIMAL CLASSIFICATION NUMBER
Classification number 080
Item number नागर
100 ## - MAIN ENTRY--PERSONAL NAME
Personal name नागर, विष्णु
9 (RLIN) 210
245 ## - TITLE STATEMENT
Title आज और अभी /
Statement of responsibility, etc विष्णु नागर
246 ## - VARYING FORM OF TITLE
Title proper/short title Aaj aur abhi /
Remainder of title by Vishnu Naagar
260 ## - PUBLICATION, DISTRIBUTION, ETC. (IMPRINT)
Name of publisher, distributor, etc प्रवीण प्रकाशन
Place of publication, distribution, etc नई दिल्ली
Date of publication, distribution, etc 2000
270 ## - ADDRESS
Address 1/1079-ई, महरौली
City नई दिल्ली
Postal code 110030
300 ## - PHYSICAL DESCRIPTION
Extent 215पृ.
Dimensions 20सेमी (सजिल्द)
650 ## - SUBJECT ADDED ENTRY--TOPICAL TERM
Topical term or geographic name as entry element हिन्दी -- साहित्य
9 (RLIN) 45773
650 ## - SUBJECT ADDED ENTRY--TOPICAL TERM
Topical term or geographic name as entry element नागर -- विष्णु -- साहित्य
9 (RLIN) 45774
650 ## - SUBJECT ADDED ENTRY--TOPICAL TERM
Topical term or geographic name as entry element Hindi literature
9 (RLIN) 45775
650 ## - SUBJECT ADDED ENTRY--TOPICAL TERM
Topical term or geographic name as entry element Naagar -- Vishnu -- literature
9 (RLIN) 45776
942 ## - ADDED ENTRY ELEMENTS (KOHA)
Source of classification or shelving scheme Dewey Decimal Classification
Koha item type Hindi Books
Classification part 080
Call number suffix नागर
Holdings
Withdrawn status Lost status Damaged status Not for loan Home library Current library Date acquired Source of acquisition Cost, normal purchase price Total Checkouts Full call number Barcode Date last seen Date checked out Copy number Cost, replacement price Price effective from Koha item type
        Central Library Central Library 06/08/2015 Cen Lib/Ret 200.00 1 080 नागर A-994876 17/10/2018 06/10/2018 1 200.00 06/08/2015 Hindi Books

© Delhi Public Library
Hit Counter
free hit counter